Teka-teki hasil Mahsul

Bibliographic Details
Main Author: Amril Shah
Format: Book
Published: Petaling Jaya : Anugerah Pub. , 2014
Series:Siri Pantun Teka-teki
Subjects:

MARC

LEADER 00000cam a2200000 7i4500
001 0000044552
005 20151222.0
008 150106
020 |a 9838325455 
090 0 0 |a JF   |b NS MAL 
100 1 |a Amril Shah 
245 1 0 |a Teka-teki hasil Mahsul   |c Amril Shah 
260 |a Petaling Jaya :   |b Anugerah Pub. ,   |c 2014 
440 |a Siri Pantun Teka-teki 
500 |a Children ages 7-9 years old (orange) 
650 0 |a Pantoums 
650 0 |a Riddles   |x Malay 
999 |a 0001308089   |b Book   |c Children Collection   |e Cawangan Taman Universiti 
999 |a 0001308090   |b Book   |c Children Collection   |e Cawangan Bukit Gambir 
999 |a 0001308091   |b Book   |c Children Collection   |e Cawangan Taman Sri Lambak 
999 |a 0001308092   |b Book   |c Children Collection   |e Cawangan Batu Pahat 
999 |a 0001308095   |b Book   |c Children Collection   |e Cawangan Segamat 
999 |a 0001308096   |b Book   |c Children Collection   |e Cawangan Pontian 
999 |a 0001308097   |b Book   |c Children Collection   |e Cawangan Tangkak 
999 |a 0001308098   |b Book   |c Children Collection   |e Cawangan Mersing 
999 |a 0001308100   |b Book   |c Children Collection   |e Cawangan Tmn. Ungku Tun Aminah 
999 |a 0001308101   |b Book   |c Children Collection   |e Cawangan Bandar Penawar 
999 |a 0001308102   |b Book   |c Children Collection   |e Cawangan Kota Tinggi 
999 |a 0001324602   |b Book   |c Children Collection   |e Cawangan Urban Transformation Centre